00610nam a2200193 450000500170000001000130001702000260003002000230005603500130007903700190009208200150011124500840012626000470021027000640025730000370032150000200035870000190037870000190039720111201114613.0 aB-444797 a9780195640854c295.00 a0195640853c295.00 aB-444797 bAllied Pub/Ven a306.095441 aBombay:cedited by Sujata Patel (and) Alice Thornerbmosaic of modern culture / aNew Delhi bOxford University Press c2007 aYMCA Library Building, Jai Singh Road, bNew Delhi e110001 axxxv, 235p. c24cm(pbk) bphotos aIncludes index  aPatel, Sujata  aThorner, Alice